000 00641nam a22001817a 4500
003 UA-OsUOA
001 16659
007 ta
008 20040118b un ||||| |||| 00| 0 ukr d
100 _aМихайлов Ю.
942 _cSA
040 _aUA-OsUOA
_cUA-OsUOA
_dUA-OsUOA
245 _aСлужба престижна для людей - надійна: [Про роботу Сарнен. міжрайон. від-ня держ. служби охорони]
300 _aС.2
955 _a0
773 0 _w0
_tСарненські новини
_dСарни
_d2003
_g№124/125/18 груд./
650 7 _aКраєзнавча робота
_2UDC
999 _c302824
_d302824